Měnící se trh práce: problémy a priority
Trh práce v ČR. Zmeny v postavení nekvalifikovanej pracovnej sily a pracovníkov so zdravotným postihnutím. Vzťah medzi mierou nezamestnanosti a kvalifikačnou úrovňou nezamestnaných. Pozitívne pôsobenie aktívnej politiky zamestnanosti.
Uložené v:
| Hlavný autor: | |
|---|---|
| Médium: | Kapitola |
| Jazyk: | Czech |
| Predmet: | |
| Tagy: |
Žiadne tagy, Buďte prvý, kto otaguje tento záznam!
|
MARC
| LEADER | 00000naa a2200000 4500 | ||
|---|---|---|---|
| 001 | r040799 | ||
| 005 | 20230913071947.9 | ||
| 041 | 0 | |a cze | |
| 044 | |a CZ | ||
| 245 | 1 | 0 | |a Měnící se trh práce: problémy a priority |c Tomáš Sirovátka |
| 520 | |a Trh práce v ČR. Zmeny v postavení nekvalifikovanej pracovnej sily a pracovníkov so zdravotným postihnutím. Vzťah medzi mierou nezamestnanosti a kvalifikačnou úrovňou nezamestnaných. Pozitívne pôsobenie aktívnej politiky zamestnanosti. | ||
| 610 | 2 | 0 | |a trh práce |
| 610 | 2 | 0 | |a Česko |
| 610 | 2 | 0 | |a sily pracovné |
| 610 | 2 | 0 | |a kvalifikácia |
| 610 | 2 | 0 | |a vzdelanie |
| 610 | 2 | 0 | |a nezamestnanosť |
| 610 | 2 | 0 | |a miera nezamestnanosti |
| 610 | 2 | 0 | |a nezamestnanosť dlhodobá |
| 610 | 2 | 0 | |a politika zamestnanosti |
| 610 | 2 | 0 | |a osoby so zníženou pracovnou schopnosťou |
| 100 | 1 | |a Sirovátka, Tomáš | |